Frankensten / (Record no. 196108)

MARC details
000 -LEADER
fixed length control field 00484nam a22001697a 4500
010 ## - LCCN (DPL NO)
LC control number ENG-137073
020 ## - INTERNATIONAL STANDARD BOOK NUMBER
Terms of availability 125.00
International Standard Book Number 9789380816258
035 ## - SYSTEM CONTROL NUMBER
System control number EN-120605
037 ## - SOURCE OF ACQUISITION
Source of stock number/acquisition DBAD/PUB
082 ## - DEWEY DECIMAL CLASSIFICATION NUMBER
Classification number N
100 ## - MAIN ENTRY--PERSONAL NAME
Personal name Shelley, Mary
245 ## - TITLE STATEMENT
Title Frankensten /
Statement of responsibility, etc By Mary Shelley,
260 ## - PUBLICATION, DISTRIBUTION, ETC. (IMPRINT)
Place of publication, distribution, etc Noida
Name of publisher, distributor, etc Maple Press Private Ltd
Date of publication, distribution, etc 2012
270 ## - ADDRESS
Address A-63, Sector -58
City Noida
Postal code 201301
Telephone number +1204553581
Electronic mail address info@maplepress.co.in
300 ## - PHYSICAL DESCRIPTION
Extent 207p.;
Dimensions 20cm(pbk)
Other physical details ill.
942 ## - ADDED ENTRY ELEMENTS (KOHA)
Source of classification or shelving scheme Dewey Decimal Classification
Item type English Books
Classification part N
Call number suffix SHE
Holdings
Withdrawn status Lost status Not for loan Collection code Home library Current library Date acquired Source of acquisition Cost, normal purchase price Full call number Barcode Copy number Cost, replacement price Koha item type
      Fiction Ashok Vihar Ashok Vihar 29/05/2023 DBAD/PUB 125.00 N SHE EN-120605 1 125.00 English Books

© Delhi Public Library
Hit Counter
free hit counter